Increase in Clostridium difficile-related mortality rates, United States, 1999-2004

Guardado en:  
Detalles Bibliográficos
Autores principales: Redelings, Matthew D. (Autor) ; Mascola, Laurene (Autor) ; Sorvillo, Frank (Autor)
Tipo de documento: Electrónico Artículo
Lenguaje:Inglés
Publicado: 2007
En: Emerging infectious diseases
Año: 2007, Volumen: 13, Número: 9, Páginas: 1417-1419
Acceso en línea: Volltext (kostenfrei)
Verificar disponibilidad: HBZ Gateway

MARC

LEADER 00000caa a22000002c 4500
001 1912588455
003 DE-627
005 20250124054959.0
007 cr uuu---uuuuu
008 241217s2007 xx |||||o 00| ||eng c
024 7 |a 10.3201/eid1309.061116  |2 doi 
035 |a (DE-627)1912588455 
035 |a (DE-599)KXP1912588455 
040 |a DE-627  |b ger  |c DE-627  |e rda 
041 |a eng 
084 |a 2,1  |2 ssgn 
100 1 |a Redelings, Matthew D.  |e VerfasserIn  |4 aut 
245 1 0 |a Increase in Clostridium difficile-related mortality rates, United States, 1999-2004 
264 1 |c 2007 
336 |a Text  |b txt  |2 rdacontent 
337 |a Computermedien  |b c  |2 rdamedia 
338 |a Online-Ressource  |b cr  |2 rdacarrier 
700 1 |a Mascola, Laurene  |e VerfasserIn  |4 aut 
700 1 |a Sorvillo, Frank  |e VerfasserIn  |4 aut 
773 0 8 |i Enthalten in  |t Emerging infectious diseases  |d Atlanta, Ga. : CDC, 1995  |g 13(2007), 9, Seite 1417-1419  |h Online-Ressource  |w (DE-627)320436217  |w (DE-600)2004375-2  |w (DE-576)273865447  |x 1080-6059  |7 nnas 
773 1 8 |g volume:13  |g year:2007  |g number:9  |g pages:1417-1419 
787 0 8 |i Forschungsdaten  |a United States Department of Health and Human Services. National Center for Health Statistics  |t Multiple Cause of Death Public Use Files, 2004  |d [Erscheinungsort nicht ermittelbar] : [Verlag nicht ermittelbar], 2007  |w (DE-627)1840056673 
787 0 8 |i Forschungsdaten  |a United States Department of Health and Human Services. National Center for Health Statistics  |t Multiple Cause of Death Public Use Files, 2003  |d [Erscheinungsort nicht ermittelbar] : [Verlag nicht ermittelbar], 2007  |w (DE-627)1840056746 
787 0 8 |i Forschungsdaten  |a United States Department of Health and Human Services. National Center for Health Statistics  |t Multiple Cause of Death Public Use Files, 2000-2002  |d [Erscheinungsort nicht ermittelbar] : [Verlag nicht ermittelbar], 2007  |w (DE-627)1840057785 
787 0 8 |i Forschungsdaten  |a United States Department of Health and Human Services. National Center for Health Statistics  |t Multiple Cause of Death, 1999  |d [Erscheinungsort nicht ermittelbar] : [Verlag nicht ermittelbar], 2002  |w (DE-627)1840058145 
856 |u https://wwwnc.cdc.gov/eid/article/13/9/pdfs/06-1116.pdf  |x unpaywall  |z Vermutlich kostenfreier Zugang  |h publisher [deprecated] 
856 4 0 |u https://doi.org/10.3201/eid1309.061116  |x Resolving-System  |z kostenfrei  |3 Volltext  |7 0 
935 |a mkri 
951 |a AR 
ELC |a 1 
LOK |0 000 xxxxxcx a22 zn 4500 
LOK |0 001 4637553954 
LOK |0 003 DE-627 
LOK |0 004 1912588455 
LOK |0 005 20241217044603 
LOK |0 008 241217||||||||||||||||ger||||||| 
LOK |0 035   |a (DE-2619)ICPSR87789 
LOK |0 040   |a DE-2619  |c DE-627  |d DE-2619 
LOK |0 092   |o n 
LOK |0 852   |a DE-2619 
LOK |0 852 1  |9 00 
LOK |0 935   |a nacp 
LOK |0 939   |a 17-12-24  |b l01 
OAS |a 1 
ORI |a SA-MARC-krimdoka001.raw